KOHA-Header-6

Basic Electronics (Record no. 2597)

000 -LEADER
fixed length control field 00287nam a2200121Ia 4500
008 - FIXED-LENGTH DATA ELEMENTS--GENERAL INFORMATION
fixed length control field 190802s9999 xx 000 0 und d
020 ## - INTERNATIONAL STANDARD BOOK NUMBER
International Standard Book Number 978-81-906919-4-9
100 ## - MAIN ENTRY--PERSONAL NAME
Personal name J.B.Gupta
245 #0 - TITLE STATEMENT
Title Basic Electronics
260 ## - PUBLICATION, DISTRIBUTION, ETC. (IMPRINT)
Place of publication, distribution, etc India
Name of publisher, distributor, etc Katson Books
Date of publication, distribution, etc 2014
300 ## - PHYSICAL DESCRIPTION
Extent 525:P
942 ## - ADDED ENTRY ELEMENTS (KOHA)
Koha item type Books
Holdings
Withdrawn status Lost status Source of classification or shelving scheme Damaged status Not for loan Collection code Permanent Location Current Location Shelving location Date acquired Full call number Barcode Date last seen Price effective from Koha item type
        Not For Loan Electrical Engineering Computing and Engineering Library Block-D Computing and Engineering Library Block-D Shelf No.A34 2019-08-03 621.36 9220 2019-08-03 2019-08-03 Electrical Engineering

Powered by Koha